000 00627nam a2200205Ia 4500
003 OSt
005 20220927105044.0
006 a|||||r|||| 00| 0
007 ta
008 220926b |||||||| |||| 00| 0 eng d
024 _a158446
037 _cReference Collections
040 _aRTL
_cRTL
_beng
041 _2eng
_aeng
082 _a"X621.2N68<--65r, K8"
245 0 _aUnit Trust of India
_b report & accounts Board of trustees of the Unit trust of India
500 _a"1965 (17p),1966 (25P), 1967 (25p),1968 (23p)"
942 _h"X621.2N68<--65r, K8"
_cCC
999 _c690505
_d690505